000 00451nam a2200181Ia 4500
001 23319
005 20260414150929.0
008 260414t2012||||xx |||||||||||||| ||spa||
041 _aESP
082 _a629.47
_bK485
100 _aKumar, Krishna Dev
_eAUT
245 0 _aFundamentals of dynamics and control of space systems
_b
260 _c2012
300 _a349 páginas :
_c28 cm.
650 _a0
654 _aCIC
942 _cLIB
_dJUS
_fJUS
_2ddc
_n
999 _c23319
_d23319